00449nam a22001577a 450000500170000001000150001702000260003203500130005803700130007108200060008410000220009024500350011226000440014727000790019130000210027020150324111258.0 aENG-112194 a9789350098554c350.00 aEN-95726 bDBAD/PUB aN aChowdhury, Amrita aBreach / cby Amrita Chowdhury aGurgaonbHachette Book Publishingc2014 a4th & 5th Floor, Corporate Centre, Plot No.94, Sector -44bGurgaone122003 a337p.c21cm(pbk)